Le Saint-Empire : 1500-1800 (notice n° 1568288)
[ vue normale ]
| 000 -LEADER | |
|---|---|
| fixed length control field | 01425cam a2200145 4500500 |
| 005 - DATE AND TIME OF LATEST TRANSACTION | |
| control field | 20251214004157.0 |
| 041 ## - LANGUAGE CODE | |
| Language code of text/sound track or separate title | fre |
| 042 ## - AUTHENTICATION CODE | |
| Authentication code | dc |
| 100 10 - MAIN ENTRY--PERSONAL NAME | |
| Personal name | Gantet, Claire |
| Relator term | author |
| 245 00 - TITLE STATEMENT | |
| Title | Le Saint-Empire : 1500-1800 |
| 260 ## - PUBLICATION, DISTRIBUTION, ETC. | |
| Name of publisher, distributor, etc. | Armand Colin,<br/> |
| Date of publication, distribution, etc. | 2024.<br/> |
| 520 ## - SUMMARY, ETC. | |
| Summary, etc. | Qu’est-ce que le Saint-Empire ? Mosaïque de principautés allant des Flandres au royaume de Hongrie et de la Baltique à la Méditerranée, le Saint-Empire déroute par maints aspects. Il ne s’oriente pas vers une monopolisation croissante du pouvoir dans les mains d’un unique prince mais reste jusqu’au moins la fin du XVIIe siècle fondé sur un principe féodal. Il n’est pas non plus un État territorial délimité par des frontières nettes et demeure dépourvu de capitale. Il ne possède ni exécutif commun, ni armée unifiée face à l’ennemi extérieur. Mais la fragmentation, y compris du paysage universitaire et académique, démultiplie aussi la discussion intellectuelle et les possibilités d’échanges interterritoriaux.Le Saint-Empire est ainsi non seulement une couronne et un espace de communication et de savoirs, mais encore un espace de paix et de conflits négociés qui n’a plus sa place dans l’Europe des nations redéfinie par le Congrès de Vienne. |
| 700 10 - ADDED ENTRY--PERSONAL NAME | |
| Personal name | Lebeau, Christine |
| Relator term | author |
| 856 41 - ELECTRONIC LOCATION AND ACCESS | |
| Uniform Resource Identifier | <a href="https://shs.cairn.info/le-saint-empire--9782200638573?lang=fr&redirect-ssocas=7080">https://shs.cairn.info/le-saint-empire--9782200638573?lang=fr&redirect-ssocas=7080</a> |
Pas d'exemplaire disponible.




Réseaux sociaux